Тест на общие знания №54 - Statistics

General Stats
  • This quiz has been taken 21 times
  • The average score is 11 of 20
Answer Stats
Вопрос Ответ % Correct
Какая карта стоит между десяткой и дамой? валет
100%
С каким цветком сравнивают самовлюблённого человека? нарцисс
100%
Для получения какого цвета используется кармин? красный
79%
Что в медицине носит название "бриллиантовый зелёный"? зелёнка
79%
Что было украдено из Лувра в 1911-м году? "Мона Лиза"
79%
Назовите антоним "форте" в музыке пиано
64%
Что создаётся в монетном дворе? деньги
64%
Какая наука изучает погоду? метеорология
57%
Назовите единственную женщину, которая упоминается в Коране по имени Дева Мария
50%
Столица какой страны названа в честь президента США Джеймса Монро? Либерия
50%
Какое оружие сконструировал Фёдор Токарев? ТТ
50%
Какое из семи чудес света было построено в Вавилоне? висячие сады Семирамиды
43%
Кто для перевозки через реку попросит в качестве оплаты две монеты с глаз покойника? Харон
43%
Кто сыграл главные роли в фильмах "Малышка на миллион", "Непрощённый" и "Хороший, плохой, злой"? Клинт Иствуд
36%
На каком языке звучит государственный девиз Великобритании - "Бог и моё право"? французский
36%
Чья голова была объектом поклонения в романе "Повелитель мух"? свинья
36%
Кто сказал: "Государство - это я!"? Людовик XIV
36%
"Су" на татарском означает - "вода", а "сыеры" - "корова". Что значит - "су сыеры"? бегемот
29%
Какой японский термин дословно переводится как "пустой оркестр"? караоке
29%
Какой американской знаменитости запретили въезд в Аргентину в 2016-м году? Джастин Бибер
21%
No matching quizzes found
Score Distribution
Percent of People with Each Score
Percentile by Number Answered
Your Score History
You have not taken this quiz